The Anabaptist story. (Record no. 13690)

000 -LEADER
fixed length control field 00606nam a2200193 a 4500
001 - CONTROL NUMBER
control field :::00011513$&:&@@
003 - CONTROL NUMBER IDENTIFIER
control field OkBaRHE
005 - DATE AND TIME OF LATEST TRANSACTION
control field 20000607103409.0
008 - FIXED-LENGTH DATA ELEMENTS--GENERAL INFORMATION
fixed length control field s1987 j 000 0 eng u
020 ## - INTERNATIONAL STANDARD BOOK NUMBER
International Standard Book Number 0802815944
040 ## - CATALOGING SOURCE
Transcribing agency
100 1# - MAIN ENTRY--PERSONAL NAME
Personal name Estep, William Roscoe, 1920-
245 14 - TITLE STATEMENT
Title The Anabaptist story.
260 ## - PUBLICATION, DISTRIBUTION, ETC. (IMPRINT)
Place of publication, distribution, etc Grand Rapids, MI., :
Name of publisher, distributor, etc William B. Eerdmans Publishing Co.
Date of publication, distribution, etc 1987
300 ## - PHYSICAL DESCRIPTION
Extent 250 p. : illus. ;
Dimensions 22 cm.
650 ## - SUBJECT ADDED ENTRY--TOPICAL TERM
Topical term or geographic name as entry element Anabaptists
General subdivision History
942 ## - ADDED ENTRY ELEMENTS (KOHA)
Source of classification or shelving scheme
Koha item type Books
Copies
Shelving location Withdrawn status Date last seen Not for loan Permanent Location Source of classification or shelving scheme Date acquired Lost status Koha item type Price effective from Full call number Barcode Copy number Damaged status
General Stacks 2010-04-14 RHEMA Bible Training College 2010-04-14 Books2010-04-14BX 4931.2 .E83115131